Managing the undesirables : refugee camps and humanitarian government
Αποθηκεύτηκε σε:
| Κύριος συγγραφέας: | |
|---|---|
| Άλλοι συγγραφείς: | |
| Μορφή: | Βιβλίο |
| Γλώσσα: | English |
| Δημοσίευση: |
Cambridge :
Polity,
2018.
|
| Θέματα: | |
| Ετικέτες: |
Προσθήκη ετικέτας
Δεν υπάρχουν, Καταχωρήστε ετικέτα πρώτοι!
|
MARC
| LEADER | 00000cam a2200000 a 4500 | ||
|---|---|---|---|
| 001 | 1/120861 | ||
| 008 | 200211s2018####uk ||||||| |||| ||eng|| | ||
| 020 | |a 9780745649023 | ||
| 040 | |a GR-MyUa |b gre |c GR-MyUa |e AACR2 | ||
| 041 | 1 | |a eng | |
| 082 | 7 | |a 362.87 |2 (23) | |
| 100 | 1 | |a Agier, Michel, |d 1953- | |
| 245 | 1 | 0 | |a Managing the undesirables : |b refugee camps and humanitarian government / |c Michel Agier ; translated by David Fernbach. |
| 260 | |a Cambridge : |b Polity, |c 2018. | ||
| 300 | |a 268 σ. ; |c 23 εκ. | ||
| 500 | |a Τίτλος πρωτοτύπου : Gener les indesirables. | ||
| 650 | 0 | |a Refugees |x Government policy. | |
| 650 | 0 | |a Political refugees | |
| 650 | 0 | |a Refugee camps | |
| 650 | 0 | |a Humanitarian assistance |x Political aspects | |
| 650 | 0 | |a Refugees |x International cooperation. | |
| 700 | 1 | |a Fernbach, David, |e trl | |
| 852 | |a INST |b LESVOS |e 20200211 |h 362.87 AGI |p 005100062670 |q 005100062670 |t BK |y 0 | ||
| 920 | |a ΠΜΣ Κοινωνική και Ιστορική Ανθρωπολογία |y Λέσβος |z 2019-11 | ||
| 970 | |a Δημάκη |b Μαρία |z 11-02-2020 | ||